Hướng dẫn sử dụng paint shop pro : Tin học thực hành
Saved in:
| Main Author: | |
|---|---|
| Format: | Book |
| Language: | Undetermined |
| Published: |
Đồng Nai
Nhà xuất bản Đồng Nai
2005
|
| Subjects: | |
| Tags: |
Add Tag
No Tags, Be the first to tag this record!
|
| Institutions: | Trung tâm Học liệu Trường Đại học Cần Thơ |
|---|
| LEADER | 00638nam a2200217Ia 4500 | ||
|---|---|---|---|
| 001 | CTU_98032 | ||
| 008 | 210402s9999 xx 000 0 und d | ||
| 020 | |c 62000 | ||
| 082 | |a 006.68 | ||
| 082 | |b L120 | ||
| 100 | |a Nguyễn, Hoàng Lâm | ||
| 245 | 0 | |a Hướng dẫn sử dụng paint shop pro : | |
| 245 | 0 | |b Tin học thực hành | |
| 245 | 0 | |c Nguyễn Hoàng Lâm | |
| 260 | |a Đồng Nai | ||
| 260 | |b Nhà xuất bản Đồng Nai | ||
| 260 | |c 2005 | ||
| 650 | |a Computer graphics | ||
| 650 | |x Computer programs | ||
| 904 | |i Tuyến | ||
| 980 | |a Trung tâm Học liệu Trường Đại học Cần Thơ | ||